Statistiche per Paesi che iniziano con la T

Clicka qui per fare il quiz!

Statistiche generali

  • Questo quiz è stato fatto 7.244 volte
  • Il punteggio medio è 8 su 12

Statistiche sulle risposte

Paese% Corretto
Turchia
92%
Turkmenistan
85%
Tagikistan
73%
Tanzania
72%
Togo
68%
Tunisia
68%
Thailandia
64%
Trinidad e Tobago
62%
Tuvalu
60%
Tonga
55%
Taiwan
53%
Timor Est
46%

Distribuzione punteggi

Percentile per numero di risposta

Percentuale di utenti per punteggio

I tuoi punteggi nel tempo

Non hai fatto questo quiz